IFM Opac

Financial Structures and Monetary Policies in Southeast Asia (Record no. 13070)

MARC details
000 -LEADER
fixed length control field 00479nam a22001577a 4500
020 ## - INTERNATIONAL STANDARD BOOK NUMBER
International Standard Book Number 0333286170
082 ## - DEWEY DECIMAL CLASSIFICATION NUMBER
Classification number 332.40 954 LEE
100 ## - MAIN ENTRY--PERSONAL NAME
Personal name LEE, Y. S
9 (RLIN) 2745
245 ## - TITLE STATEMENT
Title Financial Structures and Monetary Policies in Southeast Asia
260 ## - PUBLICATION, DISTRIBUTION, ETC.
Place of publication, distribution, etc. London
Name of publisher, distributor, etc. The Macmilan Press Ltd
Date of publication, distribution, etc. 1982
300 ## - PHYSICAL DESCRIPTION
Extent xiv, 338p.ill.; 23cm
500 ## - GENERAL NOTE
General note Includes Index
650 ## - SUBJECT ADDED ENTRY--TOPICAL TERM
Topical term or geographic name entry element Financial structures and monetary policies in southeast Africa
9 (RLIN) 2746
700 ## - ADDED ENTRY--PERSONAL NAME
Personal name JAO, Y. C
9 (RLIN) 2747
942 ## - ADDED ENTRY ELEMENTS (KOHA)
Koha item type Books
Holdings
Withdrawn status Lost status Damaged status Not for loan Collection code Home library Current library Shelving location Date acquired Total Checkouts Full call number Barcode Date last seen Price effective from Koha item type
        Non-fiction IFM Main Campus Library IFM Main Campus Library Archival Collection 09/10/2021   332.40 954 LEE 0000000796 10/27/2015 02/19/2022 Books